|
|
|
|
| LEADER |
01014nam a22002657a 4500 |
| 001 |
37918 |
| 003 |
BD-DhAAL |
| 008 |
220307t2005 ii ||||| |||| 00| 0 ben d |
| 999 |
|
|
|c 43679
|d 43679
|
| 020 |
|
|
|a 8172670222
|
| 040 |
|
|
|a BD-DhAAL
|
| 041 |
|
|
|a ben
|
| 082 |
|
|
|a 641.595414
|
| 100 |
|
|
|a শংকর,
|d ১৯৩৩-
|9 46482
|
| 245 |
|
|
|a বাঙালির খাওয়াদাওয়া /
|c শংকর
|
| 246 |
|
|
|a Bangalir khaoadaoa
|
| 260 |
|
|
|a কলকাতা :
|b সাহিত্যম,
|c ২০০৫.
|
| 300 |
|
|
|a ৩৯৯ পৃষ্ঠা ;
|c ২২ সে.মি.
|
| 541 |
|
|
|a Donated by Akbar Ali Khan
|e 37918
|
| 650 |
|
|
|a Cooking, Indic.
|9 46483
|
| 650 |
|
|
|a Cooking
|z India
|z Bengal.
|9 46484
|
| 650 |
|
|
|a Cooking.
|9 46485
|
| 852 |
|
|
|a Ayesha Abed Library
|c Akbar Ali Khan Collection
|
| 942 |
|
|
|2 ddc
|c BK
|
| 952 |
|
|
|0 0
|1 0
|2 ddc
|4 0
|6 641_595414000000000_SAN
|7 1
|9 70014
|a BRACUL
|b BRACUL
|c AAKC
|d 2022-03-07
|e Donated by Akbar Ali Khan
|l 0
|o 641.595414 SAN
|p 3010037918
|r 2022-03-07
|t 1
|w 2022-03-07
|y BK
|